Kisah tjinta ratu Soraya. (Record no. 61755)

MARC details
000 -LEADER
fixed length control field 00531cam a22002051 4500
001 - CONTROL NUMBER
control field sa 65000801
003 - CONTROL NUMBER IDENTIFIER
control field DLC
005 - DATE AND TIME OF LATEST TRANSACTION
control field 20260227112105.0
008 - FIXED-LENGTH DATA ELEMENTS--GENERAL INFORMATION
fixed length control field 890908s1964 io 000 0 ind
010 ## - LIBRARY OF CONGRESS CONTROL NUMBER
LC control number sa 65000801
035 ## - SYSTEM CONTROL NUMBER
System control number (OCoLC)23565809
040 ## - CATALOGING SOURCE
Original cataloging agency DLC
Transcribing agency MiU
Modifying agency DLC
042 ## - AUTHENTICATION CODE
Authentication code premarc
050 00 - LIBRARY OF CONGRESS CALL NUMBER
Classification number DS318
Item number .I3
100 1# - MAIN ENTRY--PERSONAL NAME
Personal name Idris, Soewardi.
245 10 - TITLE STATEMENT
Title Kisah tjinta ratu Soraya.
260 ## - PUBLICATION, DISTRIBUTION, ETC.
Place of publication, distribution, etc. Djakarta,
Name of publisher, distributor, etc. Delegasi
Date of publication, distribution, etc. [1964]
300 ## - PHYSICAL DESCRIPTION
Extent 78 p.
Other physical details illus. ports.
Dimensions 18 cm.
600 00 - SUBJECT ADDED ENTRY--PERSONAL NAME
Personal name Soraya,
Titles and other words associated with a name Princess,
Dates associated with a name 1932-2001.

No items available.

Powered by Koha